|
|
|
|
| LEADER |
00715nam a2200205Ia 4500 |
| 001 |
CTU_175387 |
| 008 |
210402s9999 xx 000 0 und d |
| 082 |
|
|
|a 633.18
|
| 082 |
|
|
|b Tr513
|
| 110 |
|
|
|a Trung tâm Khuyến nông Quốc gia
|
| 245 |
|
0 |
|a Diễn đàn khuyến nông @ nông nghiệp lần thứ 6 - 2012:
|
| 245 |
|
0 |
|b Chuyên đề: Sản xuất lúa theo cánh đồng mẫu lớn
|
| 245 |
|
0 |
|c Trung tâm Khuyến nông Quốc gia
|
| 260 |
|
|
|a Hà Nội
|
| 260 |
|
|
|b Nông nghiệp
|
| 260 |
|
|
|c 2012
|
| 650 |
|
|
|a Rice,Nghiên cứu lúa
|
| 650 |
|
|
|x Research
|
| 910 |
|
|
|a Nguyên
|
| 980 |
|
|
|a Trung tâm Học liệu Trường Đại học Cần Thơ
|